LIBRARY & INFORMATION CENTRE, KCAET, TAVANUR

ONLINE PUBLIC ACCESS CATALOGUE (OPAC)

Design of self-propelled variable rate paddy seeder (Record no. 16309)

MARC details
000 -LEADER
fixed length control field 00495nam a22001337a 4500
003 - CONTROL NUMBER IDENTIFIER
control field OSt
082 ## - DEWEY DECIMAL CLASSIFICATION NUMBER
Classification number 631.37
Item number ARU/DE
100 ## - MAIN ENTRY--AUTHOR NAME
Personal name Arunima, P. G
-- Shana Sherin, C. P
-- Shijil, M
-- Varun Raveendranathan
245 ## - TITLE STATEMENT
Title Design of self-propelled variable rate paddy seeder
260 ## - PUBLICATION, DISTRIBUTION, ETC. (IMPRINT)
Place of publication Tavanur
Name of publisher Department of Farm Machinery Power Engineering
Year of publication 2020
700 ## - ADDED ENTRY--PERSONAL NAME
Personal name Sanchu Sukumaran
856 ## - ELECTRONIC LOCATION AND ACCESS
Uniform Resource Identifier https://drive.google.com/file/d/1PBP2oIxtH_LmRh1n4OfBKH5txje3q7aR/view?usp=sharing
942 ## - ADDED ENTRY ELEMENTS (KOHA)
Koha item type Project Report
Holdings
Collection code Home library Current library Shelving location Full call number Accession Number Koha item type
General Books KAUAET KAUAET Reference 631.37 ARU/DE P 470 Project Report
free website counter